01563cam a2200289I 4500999001700000001000800017003000600025005001700031008004100048010001300089020001500102020001800117035001900135040003700154050001900191082001000210100004000220245002000260260004100280300001800321490003300339504005100372505070800423650001601131942001201147952011401159 c10327d103271452611OCoLC20210222154728.0750716s1974 ilu 000 0 eng c a65014610 a0802435653 a9780802435651 a(OCoLC)1452611 aAPLcAPLdOCLdBAKERdOCLCGdXBE0 aBT121.2bR995H bR995H1 aRyrie, Charles Caldwell,d1925-201614aThe Holy Spirit aChicago,bMoody Pressc[1974, c1965] a126 p.c22 cm0 aA Handbook of Bible doctrine a"Helpful books on the Holy Spirit:" p. 121-1220 aThe personality of the Holy Spirit -- The deity of the Holy Spirit -- Representations of the Holy Spirit -- The Holy Spirit in relation to creation -- The Holy Spirit in relation to revelation and inspiration -- The Holy Spirit in relation to man in the Old Testament -- The Holy Spirit in relation to Jesus Christ -- The sin against the Holy Spirit -- Common grace -- Efficacious grace -- Regeneration -- The indwelling of the Spirit -- The baptizing work of the Holy Spirit -- The sealing with the Spirit -- Spiritual gifts -- The filling of the Spirit -- Other ministries of the Spirit -- The eschatology of the Holy Spirit -- History of the doctrine of the Spirit -- Helpful books on the Holy Spirit 0aHoly Spirit 2ddccBK 00102ddc40708NFICaHMCbHMCcGENd2021-02-23l0o231.3 R995Hp011979r2021-02-23 00:00:00w2021-02-23yBK